| 000 | 00000nas 2200000za 4500 |
| 001 | 9.840878 |
| 003 | CaOODSP |
| 005 | 20250224153631 |
| 007 | cr ||||||||||| |
| 008 | 170802d20142015oncar p o f0###a0eng|d |
| 040 | |aCaOODSP|beng |
| 043 | |an-cn--- |
| 086 | 1 |aNM10-1E-PDF |
| 110 | 2 |aCanadian Museum of Nature. |
| 245 | 10|aYear in review ... |h[electronic resource] / |cCanadian Museum of Nature. |
| 260 | |a[Ottawa] : |bCanadian Museum of Nature |
| 310 | |aAnnual |
| 362 | 1 |aBegan with 2013/2014; ceased with 2014/2015. |
| 500 | |aSome issues have distinctive titles. |
| 500 | |aIssued also in French under title: Rétrospective de ... |
| 692 | 07|2gccst|aMuseums |
| 692 | 07|2gccst|aNatural history |
| 775 | 08|tRétrospective de ... |w(CaOODSP)9.840883 |